| 000 | 00679nam a2200277Ia 4500 | ||
|---|---|---|---|
| 005 | 20260324131911.0 | ||
| 008 | 008 260324s9999 xx 000 0 eng d | ||
| 020 | _a9780429147043 | ||
| 037 | _aEBOOK | ||
| 040 | _aCRL | ||
| 040 | _beng | ||
| 040 | _cCRL | ||
| 041 | _2eng | ||
| 041 | _aeng | ||
| 084 | _qCRL | ||
| 100 |
_aDavid Kaeli; Pen-Chung Yew _91187272 |
||
| 245 | 0 | _aSpeculative Execution in High Performance Computer Architectures | |
| 260 | _bTaylor and Francis | ||
| 260 | _c2005 | ||
| 365 | _a | ||
| 365 | _b320 | ||
| 856 | _uhttp://www.taylorfrancis.com/books/9780429147043 | ||
| 942 | _cEBOOK | ||
| 999 |
_c1784844 _d1784844 |
||